00993nam a22001097a 4500008004100000050000600041110003000047245007100077260004700148300001700195505067100212180425b xxu||||| |||| 00| 0 eng d a1 aNational Media Commission aGuidelines for political journalism. /cNational Media Commission. aAccra :bNational Media Commission,c2008. av, 26 pages. aContents: 1. Political journalism -- Access to information -- Orientation of political journalism -- Promotion peace -- Providing context and background -- Covering Political programmes / manifestoes and candidates -- Campaign broadcasts -- Political advertising -- Covering opinion polls -- Political involvement of media personnel -- Endorsment of cadidates -- Full coverage of election process -- Media coverage of incumbent -- Bribes and other inducements -- Respecting the rights of others -- Using party releases -- Responsibilities of political parties -- Conflict of interest -- General provisions -- Observance -- Procedures for Complaints an settlement.